000 01568cam a22004217a 4500
003 CHAP
005 20220817043932.0
008 040427s2003 mx r 00010 spa d
010 _a88246
011 _a89218
035 _a99769
040 _cCHAP
090 _aTesis
100 0 0 _aMillán Vázquez, Angel.
_975839
245 1 0 _aDegradación del recurso suelo en la microcuenca "Temozolapa" de Zumpahuacan, Edo. de Méx.
_c/por Angel Millan Vazquez
260 _aChapingo, Méx. :
_bEl autor,
_c2003.
300 _a108 h.:
_bilus.; gráfs.; cuadros.; mapas.
502 _aTesis (Ing. en Planeación y Manejo de los Recursos Naturales Renovables) -- UACH. Departamento de Suelos
530 _aTambién disponible en línea
590 _aALEPH
_b10
_c20130110
_lUCH01
_h1457
590 _aBATCH-UPD
_b10
_c20130110
_lUCH01
_h0759
590 _aBATCH-UPD
_b10
_c20130410
_lUCH01
_h0438
590 _aBATCH-UPD
_b10
_c20130914
_lUCH01
_h1158
590 _aBATCH-UPD
_b10
_c20140324
_lUCH01
_h1443
590 _aBATCH-UPD
_b10
_c20141002
_lUCH01
_h0821
590 _aCONVERSION
_b10
_c20130109
_lUCH01
_h1349
650 1 4 _aDesertificación.
_932128
650 1 4 _aErosión hídrica.
650 1 4 _aErosión.
_937335
650 1 4 _aSuelos
_xDegradación.
_9110336
650 1 4 _aSuelos
_zMéxico (Edo.).
_9110525
856 _3Finding aid
_uhttp://10.13.5.2/tesis/99769.pdf
_zTeclea aqui
901 _aBK
905 _aElisama
942 _cFOLL
949 _aTesis
_bBC
_cTES
_d33724000922951
_eTS2
_fc.2
_h40309
_i99769
_si
949 _aTesis
_bBC
_cTES
_d99769
_eTS1
_h40308
_i99769
_sb
999 _c88246
_d88246